| 000 | 00909nas a2200289 4500 | ||
|---|---|---|---|
| 001 | BR0002207 | ||
| 003 | BR-BrBNA | ||
| 005 | 20231205101830.0 | ||
| 007 | ta | ||
| 008 | 230509b bl.|||p| |||| 00| 00por d | ||
| 040 |
_aBR-BrBNA _bpor _cBiblioteca Nacional de Agricultura |
||
| 041 | _a(Pt) | ||
| 072 | _aL20 | ||
| 100 | 1 | _aZanolla, N. | |
| 100 | 1 | _aTinoco, I. de F.F. | |
| 100 | 1 | _aBaeta, F. da C. | |
| 100 | 1 | _aCecon, P.R. | |
| 100 | 1 | _aMoraes, S.R.P. de | |
| 245 | 1 | _aSistemas de ventilacao em tunel e lateral na criacao de frangos de corte com alta densidade | |
| 650 | _aFrango de Corte | ||
| 650 | _aCondicao Ambiental | ||
| 650 | _aAquecimento | ||
| 650 | _aMeio Ambiente | ||
| 773 | 0 |
_tRevista Brasileira de Engenharia Agricola e Ambiental (Brazil) _xISSN 1415-4366 _g(Sep-Dec 1999), v. 3(3) p. 361-366 _wBR0002207 |
|
| 909 |
_a202311 _bLúcia _c55 _dLúcia Elande |
||
| 942 |
_2AGRIS _n0 _cANA |
||
| 999 |
_c164209 _d164209 |
||